00487nam a2200145Ia 4500008004100000100003400041245008100075245004800156260005900204260000900263300001000272650001800282650001500300856002600315170221s9999 xx 000 0 und d aNilanjana Pal Santoshi Halder aStudy on Communication Barriers in the Classroom: A Teacher’s Perspective  cNilanjana Pal Santoshi Halder, Abhijit Guha bOnline Journal of Communication and Media Technologies c2016 a6 : 1 xCommunication xMedia Arts uhttp://www.ojcmt.net/